Recueil de pièces détachées /

Bibliographic Details
Main Author: Riccoboni, Marie Jeanne de Heurles Laboras de Mezières, 1713-1792
Format: Book
Language:French
Published: Paris : Chez Humblot, 1765.

MARC

Tag First Indicator Second Indicator Subfields
LEADER 00000cam a2200000Ia 4500
001 in00002413821
005 20151109141251.0
008 950512s1765 fr 000 1 fre d
035 |a (OCoLC)ocm32459801 
040 |a NJR  |c NJR  |d TJC  |d GZM  |d OCLCG  |d OCLCQ  |d TXA  |d UtOrBLW 
049 |a TXAM 
090 |a PQ2027.R3  |b A6 1765 
100 1 |a Riccoboni, Marie Jeanne de Heurles Laboras de Mezières,  |d 1713-1792. 
240 1 0 |a Works.  |k Selections.  |f 1765 
245 1 0 |a Recueil de pièces détachées /  |c par Madame Riccoboni. 
264 1 |a Paris :  |b Chez Humblot,  |c 1765. 
300 |a iv, 302 pages ;  |c 17 cm. 
336 |a text  |b txt  |2 rdacontent 
337 |a unmediated  |b n  |2 rdamedia 
338 |a volume  |b nc  |2 rdacarrier 
505 0 |a Suite de Marianne -- L'abeille -- Lettres de la Princesse Zelmaïde au Prince Alamir -- Histoire d'Ernestine. 
910 |a tp3043 
948 |a cataloged  |b h  |c 2009/12/14  |d c  |e hgolay  |f 3:50:25 pm 
994 |a 02  |b TXA 
999 |a MARS 
999 f f |s 94f8c4fa-4db9-3838-ba86-9dcd7fb2fbeb  |i 980a44df-7fb6-3ec3-bef0-6308a8c94656  |t 0 
952 f f |p noncirc  |a Texas A&M University  |b College Station  |c Cushing Memorial Library & Archives  |d Cushing: Dawson French (Does not check out)  |t 0  |e PQ2027.R3 A6 1765  |h Library of Congress classification  |i unmediated -- volume 
998 f f |a PQ2027.R3 A6 1765  |t 0  |l Cushing: Dawson French (Does not check out)